000 00292nam a22001337a 4500
008 171124b xxu||||| |||| 00| 0 eng d
020 _a9780875530017
041 _aeng
080 _a32
100 _a21
101 _aPOL
245 _aCONFRONTING VIOLENCE
_cGELLERT.G..A
942 _2udc
_cBK
999 _c38490
_d38490